Vista normal
Vista MARC
Entrada Topical Term
Número de registros utilizados en: 1
001 - CONTROL NUMBER
- control field: 1216
003 - CONTROL NUMBER IDENTIFIER
- control field: OSt
005 - DATE AND TIME OF LATEST TRANSACTION
- control field: 20200305150847.0
008 - FIXED-LENGTH DATA ELEMENTS
- fixed length control field: 200305|| aca||aabn | a|a d
040 ## - CATALOGING SOURCE
- Original cataloging agency: OSt
- Transcribing agency: OSt
150 ## - HEADING--TOPICAL TERM
- Topical term or geographic name entry element: Deudor y acreedor en la literatura
670 ## - SOURCE DATA FOUND
- Source citation: Work cat.: (OSt)3561: Salom Becerra, Alvaro, autor 1214, Don Simeón Torrente ha dejado de… deber / , 2005